| 000 | 01021cam a22002895i 4500 | ||
|---|---|---|---|
| 999 |
_c21907 _d21879 |
||
| 001 | 016481962 | ||
| 003 | EG-ScBUE | ||
| 005 | 20210112140257.0 | ||
| 008 | 130708s2013 enka g 000 1 eng d | ||
| 020 | _a9780007515059 (pbk.) | ||
| 040 |
_aStDuBDS _beng _erda _cStDuBDS _dUk _dEG-ScBUE |
||
| 082 | 0 | 4 |
_a813.54 _bLER _222 |
| 100 | 1 |
_aLerangis, Peter, _eauthor. _940214 |
|
| 245 | 1 | 0 |
_aLost in Babylon / _cPeter Lerangis. |
| 264 | 1 |
_aLondon : _bHarperCollins Children's Books, _c2013. |
|
| 300 |
_a373 pages : _billustrations ; _c20 cm. |
||
| 336 |
_atext _btxt _2rdacontent |
||
| 337 |
_aunmediated _bn _2rdamedia |
||
| 338 |
_avolume _bnc _2rdacarrier |
||
| 490 | 0 |
_aSeven wonders ; _v2. |
|
| 500 | _aNew York Times bestselling author. | ||
| 650 | 7 |
_aSeven Wonders of the World _vJuvenile fiction. _2BUEsh _940216 |
|
| 650 | 7 |
_aCuriosities and wonders _vJuvenile fiction. _2BUEsh _940217 |
|
| 651 | 7 |
_aBabylonia _xAntiquities _vJuvenile fiction. _2BUEsh _940220 |
|
| 653 |
_bHHUUEENN _cJune2016 _dBestSellers |
||
| 942 |
_2ddc _cBB |
||